La historia, la geografía y la instrucción cívica: nuevas aportaciones para su enseñanza

Gardado en:
Detalles Bibliográficos
Autor Principal: Carvalho, Carlos Delgado de (Author)
Formato: Libro
Idioma:Lingua castelá
Publicado: Buenos Aires Kapelusz 1958
Edición:2a. ed
Series:Biblioteca de Cultura Pedagógica
Subjects:
Tags: Engadir etiqueta
Sen Etiquetas, Sexa o primeiro en etiquetar este rexistro!

MARC

LEADER 00000nam a2200000 a 4500
001 UCZ7098
003 CL-VaPUC
008 951222e19580000AG |||||||||||||||||spa|d
082 0 4 |a 372.89  |b CAR  |2 21 
100 0 |a Carvalho, Carlos Delgado de  |e author  |9 351833 
245 1 3 |a La historia, la geografía y la instrucción cívica: nuevas aportaciones para su enseñanza 
250 |a 2a. ed 
300 |a 131 p 
942 |c BK 
945 |d 19951222 00:00:00  |a cmena 
260 |a Buenos Aires  |b Kapelusz  |c 1958 
650 0 |a Enseñanza de la historia   |9 307330 
650 0 |a Enseñanza de la geografía  |9 310005 
650 0 |a Educación cívica  |9 314665 
650 0 |a Enseñanza de las ciencias sociales  |9 337823 
650 0 |a Métodos de enseñanza  |9 270413 
583 |a last modification  |c 19951222 00:00:00  |k Rodrigo Vera 
490 0 |a Biblioteca de Cultura Pedagógica 
999 |c 243221  |d 243219 
952 |0 0  |1 0  |4 0  |6 372_890000000000000_CAR_1958  |7 0  |8 P  |9 256729  |a BIBEDU  |b BIBEDU  |c BIBEDU_PB  |d 2019-11-19  |i 1607995  |o 372.89 CAR 1958  |p 1607995  |r 2024-01-25  |w 2019-11-19  |y BK  |k EDU 
952 |0 0  |1 0  |4 0  |6 372_890000000000000_CAR_1958  |7 0  |8 P  |9 256730  |a BIBEDU  |b BIBEDU  |c BIBEDU_PB  |d 2019-11-19  |i 1632035  |o 372.89 CAR 1958  |p 1632035  |r 2024-01-25  |w 2019-11-19  |y BK  |k EDU 
952 |0 0  |1 0  |4 0  |6 372_890000000000000_CAR_1958  |7 0  |8 P  |9 256731  |a BIBEDU  |b BIBEDU  |c BIBEDU_PB  |d 2019-11-19  |i 1634208  |o 372.89 CAR 1958  |p 1634208  |r 2024-01-25  |w 2019-11-19  |y BK  |k EDU